| Tag |
First Indicator |
Second Indicator |
Subfields |
| LEADER |
00000cgm a2200000ua 4500 |
| 001 |
in00003775673 |
| 006 |
m o c |
| 007 |
vz uzazuu |
| 007 |
cr una---unuuu |
| 008 |
160324p20162004cau110 o o vlfre d |
| 005 |
20260324163033.3 |
| 028 |
5 |
2 |
|a 1132306
|b Kanopy
|
| 035 |
|
|
|a (OCoLC)945760901
|
| 035 |
|
|
|a (CaSfKAN)kan1132306
|
| 040 |
|
|
|a VDU
|b eng
|c VDU
|d UtOrBLW
|
| 245 |
0 |
0 |
|a Viva Laldjerie.
|
| 264 |
|
1 |
|a [San Francisco, California, USA] :
|b Kanopy Streaming,
|c 2016.
|
| 300 |
|
|
|a 1 online resource (1 video file, approximately 111 minutes) :
|b digital, .flv file, sound
|
| 306 |
|
|
|a Playing time: 108 min.
|
| 336 |
|
|
|a two-dimensional moving image
|b tdi
|2 rdacontent
|
| 337 |
|
|
|a computer
|b c
|2 rdamedia
|
| 338 |
|
|
|a online resource
|b cr
|2 rdacarrier
|
| 347 |
|
|
|a data file
|2 rda
|
| 500 |
|
|
|a In Process Record.
|
| 500 |
|
|
|a Title from title frames.
|
| 511 |
0 |
|
|a Features: Lubna Azabal, Biyouna, Nadia Kaci
|
| 518 |
|
|
|a Originally produced by Film Movement in 2004.
|
| 520 |
|
|
|a Three women: a mother, her daughter and a prostitute have been living in a hotel in the heart of Algiers amid creeping fundamentalism. Goucem, the daughter, has chosen a modern, emancipated life, spending steamy weekends in nightclubs. Fifi, her faithful friend, prostitutes herself under the thumb of a local protector. Papicha, the mother, eats pizzas in front of the television, torn between fear and nostalgia for the cabaret days of her youth. Known in Europe as the North African Pedro Almodovar, filmmaker Nadir Mokneche weaves a richly drawn portrait of women exiled in their own country.
|
| 538 |
|
|
|a Mode of access: World Wide Web.
|
| 546 |
|
|
|a In: French, Arabic
|
| 500 |
|
|
|a Electronic resource.
|
| 653 |
|
|
|a African Studies
|
| 653 |
|
|
|a Foreign Language Film
|
| 653 |
|
|
|a Movies
|
| 700 |
1 |
|
|a Moknèche, Nadir,
|e filmmaker.
|0 http://id.loc.gov/authorities/names/no2005036783
|
| 710 |
2 |
|
|a Kanopy (Firm)
|0 http://id.loc.gov/authorities/names/no2014091415
|
| 856 |
4 |
0 |
|u http://proxy.library.tamu.edu/login?url=https://texasam.kanopystreaming.com/node/132307
|z Connect to this streaming video
|t 0
|
| 999 |
f |
f |
|s 5e4c0248-5c93-3b7b-9829-a30aeb6796c3
|i 074b5cec-8f8d-3622-a110-d2bce0148209
|t 0
|
| 952 |
f |
f |
|a Texas A&M University
|b College Station
|c Electronic Resources
|s www_evans
|d Available Online
|t 0
|h No information provided
|
| 998 |
f |
f |
|t 0
|l Available Online
|